Quizzes
Events
Quiz Creation
Community
Videos
Private Events
Remove Ads
Sign In
Join for FREE
Feedback
Dark Mode
Quiz Categories
Sports
Geography
Music
Movies
Television
Just For Fun
Miscellaneous
History
Literature
Language
Science
Gaming
Entertainment
Religion
Holiday
For Kids
Quiz Lab
Recent
Popular Today
Quiz Kudos Today
Editor Picks
Curator Picks
Quizzes by...
Day
Popularity
Type
Ratings
Length
Year
Community
Subscriptions
Recent Discussions
Orange Saloon
Badges
Playlists
Quests
Create
Leaderboards
Showdown
Live 5
Trivia Bingo
Activity
Puzzle Library
Sporcle Events
Private Events
Virtual Trivia
Globe League
Become a Host
Pub Owners
SporcleCon
Opinionation
Our Games
Videos
Blog
Mobile Apps
Partnerships
Remove Ads and Go Orange
Feedback
Religion
Mythology
Religious Music
World Religions
Bible
Christianity
Catholicism
Judaism
Church
Scripture
Islam
Verse
Religion
Mythology
Religious Music
World Religions
Bible
Christianity
Catholicism
Judaism
Church
Scripture
Islam
Verse
Random Quiz
Search Sporcle
×
Quiz Lab
Quiz Lab
Religion
Norse
Type in answers that appear in a list
Type in answers that appear in a list
Classic
Best Score? Go Orange.
Norse Mythology- The Ultimate Quiz Stats
Can you name the Norse Mythology- The Ultimate Quiz?
By
civilwarhero96
10m
31 Questions
853 Plays
853 Plays
853 Plays
Comments
Comments
Give Quiz Kudos
Give Quiz Kudos
-
- Ratings
hide this ad
Replay
Link that replays current quiz
Next Quiz
Link to next quiz in quiz playlist
You Got
0%
They Got
Avg Score
57%
Avg Friend Score
Upgrade to see
Score Distribution
Jump to the score distribution portion of the page
Score
0/31
Timer
10:00
0
Plays Today
Hint
Thing
% Correct
World of Gods
Asgard
93%
King God
Odin
89.9%
God of Thunder
Thor
89.6%
God of Fire and Trickery
Loki
89.6%
Goddess of the Dead
Hel
85.5%
World of Men/
Humans
Midgard
83.2%
End of world (God's Destiny)
Ragnorok
77.6%
Land of Dead Warriors
Valhalla
76.2%
World of Giants
Jotunheim
74.1%
Thor's Hammer
Mjolnir
69.8%
Goddess of Beauty
Freya
69.8%
Odin's Wife
Frigga
69.4%
Earth Tree
Yggdrasil
68.7%
Thor's Wife/
Goddess of Harvest
Sif
67.6%
Guardian of Bifrost
Heimdall
65.3%
God of War
Tyr
62.1%
Hint
Thing
% Correct
World of the Dead
Helheim
61.3%
World of Vanir
Vanaheim
59.7%
World of Light Elves
Alfheim
52.4%
God of Light
Baldur
51.7%
World of Ice
Niflheim
51%
Primordial Giant
Ymir
45.6%
God of Fertility
Freyr
45%
God of the Sea
Njord
44.1%
World of Fire
Muspellheim
35.9%
God of Justice
Forseti
21.3%
Thor's Rival
Midgard Serpent
20.3%
Ship made of nails of dead men, arrives in Ragnarok
Naglfar
17%
Odin's 8-
legged Horse
Sleepnir
14.9%
World of Dwarves
Svartalfaheim
13.8%
Messenger of Gods
Hoenir
6%
Quiz Playlist
Details
Report
Send in Message
Add To Playlist
Classic:
Type in answers that appear in a list
Last Updated: Feb 20, 2017
Quiz Scoreboard
CHALLENGE
Sign Up to Join the Scoreboard
Show All
Scores
Hide
Comments
May contain spoilers
Recently Published
Presidents Visiting Landmarks
by Hejman
History
7m
An Introduction to Baseball
by treessimontrees
Sports
5m
Movies - When Are They Set?
by FPL_Elf
Movies
5m
More to Explore
Quiz From the Vault
Featured Blog Post
Where Did the Easter Bunny Come From?
hide this ad
You Might Also Like...
Tags
Norse
ultimate
Today's Top Quizzes in Religion
Browse Religion
hide this ad
Today's Top Quizzes in Norse
Browse Norse
Top Contributed Quizzes in Religion
1
5-to-1: Children of Gods
2
5-to-1: European Churches
3
10 to 1: Islam
4
Order Up: Seven Last Words of Christ
5
One Thing in Common: Mythology
6
Religion Who Wants To Be A Millionaire
7
10 to 1: Protestantism
8
One Thing in Common: Mythology II
9
Prime Time: Religion
10
10 to 1: Norse Religion
Explore More
Trending Topics
Kpop
Disney
Marvel
NBA
Harry Potter
Anime
Crossword
The Office
Country
Puzzle
WWE
NFL
Pokémon
Song
Soccer
hide this ad
More By:
civilwarhero96
Quiz
Plays
Rating
Category
Featured
Created
French: Clothing
17,180
4.25
Language
Jan 25, 2010
Key People in the French Revolution
2,064
1.79
History
Dec 7, 2009
Norse Mythology- The Ultimate Quiz
853
2.25
Religion
May 19, 2011
Events in the French Revolution
657
2.25
History
Dec 6, 2009
Events ofThe American Revolution
638
3.50
History
Jan 5, 2010
Go to Creator's Profile
Score Distribution
Quiz Creator Spotlight
civilwarhero96
Follow
Send a Message
Quizzes Created
-
Created Quiz Play Count
-
More By This Creator
Popular Quizzes Today
1
Find the US States - No Outlines Minefield
2
Find the Countries of Europe - No Outlines Minefield
3
The Countries of the World
4
Find the US States
5
Popular People in 1961
6
US States
7
Risky Map Clicking: Biggest States A-Z
8
1-10 Letter E Words III
More Religion Quizzes
The Four Gospels
Quiz Lab
Trending Quizzes
Risky Map Clicking: Least Populous States A-Z
1-10 Letter G Words
1-10 Letter F Words
One Thing in Common: United Kingdom
Risky Map Clicking: Next State Alphabetically
Recently Updated
Leaping Animals
pecheneg
Reality TV Shows (A-Z)
bhenderson79
Rickey Henderson's Hall of Fame Teammates
pecheneg
Champions League XIs: Arsenal
pecheneg
Quick Pick: Celebrities in WWE's Hall of Fame
aduchscher
A-Z Keypad Blitz II
pecheneg
Multiple Oscar Actors
pecheneg
Mystery Phrase Blitz: Oscar 'Best Actors'
pecheneg
F. Scott Fitzgerald Novels
LTH
Pick 3 Villains
ddd62291
Trending Topics
Marvel
Kpop
NBA
Harry Potter
Anime
Crossword
Disney
WWE
Pokémon
The Office
NFL
Puzzle
Country
Soccer
Song
Your Account Isn't Verified!
In order to create a playlist on Sporcle, you need to verify the email address you used during registration. Go to your
Sporcle Settings
to finish the process.
Report this User
Report this user for behavior that violates our
Community Guidelines
.
Details:
Send Report
Go to the Sporcle.com Mobile Site →
Comments